75 sportives françaises - Statistiques

Statistiques générales
  • Ce quiz a été pris 60 fois
  • Le résultat moyen est 30 sur 75
Statistiques - réponses
Par images Réponse % Correct
Laure Manaudou
96%
Marie-Josée Perec
94%
Wendie Renard
94%
Amélie Mauresmo
92%
Eugènie Le Sommer
90%
Loïs Boisson
85%
Clarisse Agbégnénou
83%
Jeannie Longo
83%
Caroline Garcia
77%
Emilie Fer
77%
Laura Flessel
77%
Alizé Cornet
73%
Camille Muffat
71%
Mélina Robert-Michon
69%
Cassandre Beaugrand
62%
Marion Bartoli
62%
Mary Pierce
62%
Romane Dicko
62%
Perrine Laffont
60%
Laure Boulleau
56%
Florence Arthaud
54%
Gabriella Papadakis
54%
Pauline Ferrand-Prévost
54%
Estelle Mossely
52%
Selma Bacha
52%
Céline Dumerc
48%
Julia Simon
48%
Marie-Antoinette Katoto
48%
Tessa Worley
48%
Christine Arron
46%
Lou Jeanmonnot
44%
Suzanne Lenglen
44%
Cléopatre Darleux
42%
Manon Apithy-Brunet
40%
Sakina Karchaoui
40%
Camille Abily
38%
Justine Braisaz
38%
Eunice Barber
37%
Grace Geyoro
37%
Marine Johannes
37%
Allison Pineau
35%
Corinne Diacre
35%
Louisa Necib
33%
Surya Bonaly
33%
Muriel Hurtis
31%
Marie Dorin
29%
Marinette Pichon
29%
Nathalie Péchalat
27%
Anaïs Bescond
23%
Mathilde Gros
23%
Emilie Andéol
21%
Emilie Le Pennec
21%
Loana Lecomte
21%
Lucie Decosse
17%
Nathalie Tauziat
17%
Sonia Bompastor
17%
Céline Géraud
15%
Sandrine Bailly
15%
Isabelle Yacoubou
12%
Pauline Bourdon-Sansus
12%
Carole Montillet
10%
Charline Picon
10%
Coralie Balmy
10%
Félicia Ballanger
10%
Manuela Montebrun
10%
Marielle Goitschel
10%
Sandrine Soubeyrand
10%
Virginie Dedieu
10%
Audrey Tcheuméo
8%
Julie Bresset
6%
Karine Ruby
4%
Régine Cavagnoud
2%
Valérie Nicolas
2%
Céline Lebrun
0%
Isabelle Blanc
0%
Aucun quiz correspondant
Distribution des résultats
% des personnes avec chaque résultat
Percentile par nombre de réponses
Votre historique - résultats
Vous n’avez pas pris ce quiz